| 000 | 01123nmm a2200313 a 4500 | ||
|---|---|---|---|
| 001 | ocm0002015329 | ||
| 003 | TR-IsHL | ||
| 005 | 20201028175231.0 | ||
| 008 | 181019s2017 tu tur | ||
| 007 | cr cn | ||
| 020 | _a9786059521635 | ||
| 035 |
_a2015329 _b(N$T) |
||
| 050 | 0 | 4 |
_aDR485 _b.E76 2017 |
| 090 | 0 | 4 |
_aDR485 _b.E76 2017 |
| 100 | 1 | _aEroğlu, Haldun | |
| 245 | 1 | 0 |
_aOsmanlılar yönetim ve strateji _h[electronic resource] / _cHaldun Eroğlu ; Genel Yayın Yönetmeni Ahmet Nuri Yüksel |
| 250 | _a1. Basım | ||
| 260 |
_aİstanbul : _bBilge Kültür Sanat Yayınları, _c2017 |
||
| 300 | _a205 p. | ||
| 650 | 4 | _aTarih | |
| 650 | 4 | _aHistory | |
| 650 | 0 |
_aTurkey _x History _x Ottoman Empire, 1288-1918. |
|
| 650 | 0 |
_aTürkiye _x Tarih _x Osmanlı İmparatorluğu, 1288-1918 |
|
| 650 | 0 |
_aTurkey _x Politics and government. |
|
| 650 | 0 | _aTürkiya Politika ve İdare | |
| 650 | 7 |
_aHISTORY / Middle East / Turkey & Ottoman Empire _2bisacsh |
|
| 700 | 1 | _aYüksel, Ahmet Nuri | |
| 856 | 4 | 0 | _uhttp://search.ebscohost.com/login.aspx?direct=true&scope=site&db=e011xww&AN=2015329 |
| 999 |
_c18571 _d18571 |
||